LDR 00819naa#a2200193#i#450# 001 EN\\bibl\126632 005 20260703190000.5 011 ## _a2587-6740 100 ## _a20260615b2026####ek#y0engy0150####ca 102 ## _aRU 200 1# _aTerritorial aspects of specialization of peasant (farmer) households in Crimea _eJournal article 210 1# _aMoscow _cElectronic science _d2026 215 ## _a3 с. 608 ## _aJournal article _2local 675 ## _aДинамичные, качественные и количественные аспекты. Изменения (трансформации, преобразования, превращения). Прогресс.Регресс. 332.05 _z 700 #1 _aMelnichuk _gAleksandr Yur'evich 700 #1 _aKlimenko _gKsenia Viktorovna 700 #1 _aZakalichnaya _gOlga Vladimirovna 856 4# _aqje.su _u